00430nam a22001577a 450000500170000001000130001702000260003003500130005603700090006908200080007810000170008624500700010326000300017327000480020330000210025120210616124108.0 aB-740235 a9788185002583c295.00 aB-740235 bGift a921 aWasi, Muriel aThe narrow corridor:bmoments in a women's life /cby Muriel Wasi aNew DelhibPromillac2005 aC-127, Sarvodaya EnclavebNew Delhie110017 a117p.c21cm(pbk)